[Event "IM Round Robin 2019"]
[Site "Paracin"]
[Date "2019.02.01"]
[Round "2.1"]
[White "Sahil, Tickoo"]
[Black "Dedebas, Emre Emin"]
[Result "0-1"]
[BlackElo "2303"]
[WhiteElo "2260"]
[LiveChessVersion "1.4.8"]

1. d4 {[%clk 1:30:58]} d5 {[%clk 1:30:04]} 2. Bf4 {[%clk 1:31:18]} c5
{[%clk 1:30:11]} 3. e3 {[%clk 1:31:38]} cxd4 {[%clk 1:26:00]} 4. exd4
{[%clk 1:32:05]} Nc6 {[%clk 1:26:22]} 5. c3 {[%clk 1:32:12]} Bf5 {[%clk 1:25:31]}
6. Nf3 {[%clk 1:30:33]} e6 {[%clk 1:24:03]} 7. Qb3 {[%clk 1:27:53]} Qd7
{[%clk 1:19:36]} 8. Bb5 {[%clk 1:23:38]} Bd6 {[%clk 1:03:59]} 9. Ne5
{[%clk 1:11:42]} Qc7 {[%clk 1:00:25]} 10. c4 {[%clk 0:57:15]} Nge7
{[%clk 0:53:16]} 11. Nc3 {[%clk 0:21:56]} O-O {[%clk 0:46:05]} 12. Bxc6
{[%clk 0:21:40]} Nxc6 {[%clk 0:44:00]} 13. Nb5 {[%clk 0:09:38]} Qa5+
{[%clk 0:41:18]} 14. Bd2 {[%clk 0:07:04]} Bb4 {[%clk 0:41:26]} 15. Bc3
{[%clk 0:05:12]} Nxe5 {[%clk 0:08:32]} 16. dxe5 {[%clk 0:05:40]} Bxc3+
{[%clk 0:08:25]} 17. Qxc3 {[%clk 0:06:03]} Qxc3+ {[%clk 0:07:21]} 18. bxc3
{[%clk 0:06:31]} dxc4 {[%clk 0:07:38]} 19. Nd6 {[%clk 0:04:52]} Bd3
{[%clk 0:05:10]} 20. f4 {[%clk 0:01:17]} f6 {[%clk 0:05:08]} 21. exf6
{[%clk 0:01:08]} Rxf6 {[%clk 0:05:13]} 22. g3 {[%clk 0:01:12]} b6
{[%clk 0:05:07]} 23. O-O-O g5 {[%clk 0:02:32]} 24. fxg5 {[%clk 0:00:56]} Rf2
{[%clk 0:02:48]} 25. Rd2 {[%clk 0:01:25]} Rxd2 {[%clk 0:03:09]} 26. Kxd2
{[%clk 0:01:51]} Rd8 {[%clk 0:03:32]} 0-1

[Event "IM Round Robin 2019"]
[Site "Paracin"]
[Date "2019.02.01"]
[Round "2.2"]
[White "Abramovic, Bosko"]
[Black "Brankovic, Dejan"]
[Result "1/2-1/2"]
[BlackElo "2317"]
[WhiteElo "2375"]
[LiveChessVersion "1.4.8"]

1. Nf3 {[%clk 1:30:55]} Nf6 {[%clk 1:30:47]} 2. g3 {[%clk 1:31:13]} g6
{[%clk 1:31:05]} 3. Bg2 {[%clk 1:31:36]} Bg7 {[%clk 1:31:33]} 4. O-O
{[%clk 1:31:59]} d6 {[%clk 1:31:53]} 5. d3 {[%clk 1:32:19]} O-O {[%clk 1:32:17]}
6. e4 {[%clk 1:32:38]} c5 {[%clk 1:32:12]} 7. Re1 {[%clk 1:32:50]} Nc6
{[%clk 1:32:37]} 8. c3 {[%clk 1:33:10]} Bg4 {[%clk 1:32:51]} 9. h3
{[%clk 1:33:07]} Bxf3 {[%clk 1:33:17]} 10. Bxf3 {[%clk 1:33:24]} Rb8
{[%clk 1:33:32]} 11. Bg2 {[%clk 1:33:44]} b5 {[%clk 1:33:52]} 12. a3
{[%clk 1:34:04]} Nd7 1/2-1/2

[Event "IM Round Robin 2019"]
[Site "Paracin"]
[Date "2019.02.01"]
[Round "2.3"]
[White "Milanovic, Slavisa"]
[Black "Budisavljevic, Luka"]
[Result "1/2-1/2"]
[BlackElo "2363"]
[WhiteElo "2381"]
[LiveChessVersion "1.4.8"]

1. c4 {[%clk 1:30:55]} c5 {[%clk 1:30:50]} 2. Nf3 {[%clk 1:30:59]} Nc6
{[%clk 1:31:00]} 3. g3 {[%clk 1:29:40]} g6 {[%clk 1:27:48]} 4. Bg2
{[%clk 1:29:22]} Bg7 {[%clk 1:28:08]} 5. O-O {[%clk 1:29:40]} d6 {[%clk 1:28:06]}
6. Nc3 {[%clk 1:29:05]} Bd7 {[%clk 1:25:47]} 7. e3 {[%clk 1:13:37]} Nf6
{[%clk 1:20:47]} 8. d4 {[%clk 1:13:26]} O-O {[%clk 1:20:21]} 9. b3
{[%clk 1:00:35]} a6 {[%clk 1:08:13]} 10. Bb2 {[%clk 0:52:27]} Qa5
{[%clk 1:06:54]} 11. d5 {[%clk 0:50:45]} Na7 {[%clk 1:05:54]} 12. Qc2
{[%clk 0:46:10]} Bf5 {[%clk 0:53:25]} 13. Qe2 {[%clk 0:40:27]} b5
{[%clk 0:52:13]} 14. Nd2 {[%clk 0:37:40]} Bg4 {[%clk 0:43:06]} 15. f3
{[%clk 0:32:41]} Bd7 {[%clk 0:43:27]} 16. f4 {[%clk 0:28:14]} Ng4
{[%clk 0:40:47]} 17. Nd1 {[%clk 0:28:17]} Nc8 {[%clk 0:30:12]} 18. Bxg7
{[%clk 0:24:07]} Kxg7 {[%clk 0:30:41]} 19. e4 {[%clk 0:24:18]} f6
{[%clk 0:28:35]} 20. h3 {[%clk 0:18:48]} Nh6 {[%clk 0:28:56]} 21. Ne3
{[%clk 0:18:54]} Nb6 {[%clk 0:26:24]} 22. e5 {[%clk 0:14:58]} fxe5
{[%clk 0:18:56]} 23. fxe5 {[%clk 0:14:42]} Qc3 {[%clk 0:18:39]} 24. e6
{[%clk 0:13:04]} Be8 {[%clk 0:18:24]} 25. Rxf8 {[%clk 0:04:47]} Qxa1+
{[%clk 0:16:51]} 26. Rf1 {[%clk 0:05:11]} Qd4 {[%clk 0:14:05]} 27. Nf3
{[%clk 0:02:09]} Qc3 {[%clk 0:13:14]} 28. Nd1 {[%clk 0:02:26]} Qf6
{[%clk 0:12:42]} 29. g4 {[%clk 0:02:39]} g5 {[%clk 0:11:44]} 30. Ne3
{[%clk 0:01:23]} Bg6 {[%clk 0:08:44]} 31. h4 {[%clk 0:01:49]} Qf4
{[%clk 0:08:08]} 32. Nxg5 {[%clk 0:01:55]} Qd4 {[%clk 0:04:22]} 33. Nf3
{[%clk 0:02:05]} Qd3 {[%clk 0:04:24]} 34. Qb2+ {[%clk 0:01:52]} Kg8
{[%clk 0:04:49]} 35. Qc1 {[%clk 0:00:55]} Rf8 {[%clk 0:03:14]} 36. h5
{[%clk 0:01:24]} Be4 {[%clk 0:02:51]} 37. Rd1 {[%clk 0:01:14]} Qe2
{[%clk 0:02:57]} 38. Re1 {[%clk 0:01:10]} Qxa2 {[%clk 0:02:39]} 39. Nf5
{[%clk 0:01:17]} Nxf5 {[%clk 0:01:38]} 40. Rxe4 {[%clk 0:16:19]} Nd4
{[%clk 0:15:39]} 41. Qg5+ {[%clk 0:11:54]} Kh8 {[%clk 0:16:08]} 42. Rxd4
{[%clk 0:09:25]} Qa1+ {[%clk 0:15:16]} 43. Kh2 {[%clk 0:08:50]} Rxf3
{[%clk 0:15:18]} 44. Qxe7 {[%clk 0:02:26]} Qxd4 {[%clk 0:10:03]} 45. Qd8+
{[%clk 0:02:44]} Kg7 {[%clk 0:10:32]} 46. Qg5+ {[%clk 0:02:09]} Kf8
{[%clk 0:08:42]} 47. Bxf3 {[%clk 0:02:26]} Qf2+ {[%clk 0:09:03]} 48. Bg2
{[%clk 0:02:44]} Nc8 {[%clk 0:08:53]} 49. Qd8+ {[%clk 0:01:02]} Kg7
{[%clk 0:09:18]} 50. Qg5+ {[%clk 0:00:35]} Kf8 {[%clk 0:09:48]} 51. Qd8+
{[%clk 0:00:31]} Kg7 {[%clk 0:10:17]} 52. Qg5+ {[%clk 0:00:38]} Kf8 1/2-1/2

[Event "IM Round Robin 2019"]
[Site "Paracin"]
[Date "2019.02.01"]
[Round "2.4"]
[White "Narendran, Gouthaman"]
[Black "Jovic, Stanoje"]
[Result "1/2-1/2"]
[BlackElo "2240"]
[WhiteElo "2062"]
[LiveChessVersion "1.4.8"]

1. e4 e6 2. d4 d5 3. Nd2 c5 4. exd5 Qxd5 5. Ngf3 cxd4 6. Bc4 Qd8 7. O-O Nc6 8.
Nb3 Nf6 9. Nbxd4 Nxd4 10. Nxd4 a6 11. Re1 Be7 12. Bf4 O-O 13. c3 Nd5 14. Bg3 Bf6
1/2-1/2

[Event "IM Round Robin 2019"]
[Site "Paracin"]
[Date "2019.02.01"]
[Round "2.5"]
[White "Konstantinov, Aleksandar"]
[Black "Ammar, Sedrani"]
[Result "0-1"]
[BlackElo "2068"]
[WhiteElo "2091"]
[LiveChessVersion "1.4.8"]

1. c4 e6 2. g3 d5 3. b3 Nf6 4. Bb2 c6 5. Bg2 Nbd7 6. Nf3 Bd6 7. d4 O-O 8. O-O b5
9. Nbd2 Bb7 10. Qc2 Re8 11. Ne5 bxc4 12. bxc4 Bxe5 13. dxe5 Ng4 14. Nf3 Qb8 15.
Rab1 Nb6 16. h3 Nh6 17. Ng5 g6 18. cxd5 cxd5 19. g4 Rc8 20. Qd2 Ba6 21. Nxe6 fxe6
22. Qxh6 Bxe2 23. Rfe1 Bd3 24. Rbd1 Bc4 25. f4 Qc7 26. f5 Qf7 27. fxe6 Qxe6 28.
Ba3 Rc7 29. Bd6 Rf7 30. Rd2 Rd8 31. Red1 Re8 32. Rc1 Qd7 33. Qg5 Kg7 34. Bc5 Qe6
35. Be3 Kg8 36. Bd4 Kg7 37. Qe3 h6 38. Ba1 Kh7 39. a4 Rfe7 40. a5 Nd7 41. Qxa7
Nxe5 42. Qd4 Qd6 43. Rcd1 Nf3+ 0-1